Every Species in All Tomorrows - Statistics

General Stats
  • This quiz has been taken 14 times
  • The average score is 22 of 42
Answer Stats
Species % Correct
Qu
100%
Star People
100%
Colonial
86%
Gravital
86%
Titan
86%
Asteromorph
71%
Modular People
71%
Snake People
71%
Spacer
71%
Strider
71%
Subject
71%
Temptor
71%
Worm
71%
Author
57%
Blind Folk
57%
Bug Facer
57%
Killer Folk
57%
New Machine
57%
Predator
57%
Ruin Haunter
57%
Asymmetric People
43%
Bone Crusher
43%
Flyer
43%
Insectophagi
43%
Lizard Herder
43%
Lopsider
43%
Mantelope
43%
Parasite
43%
Pterosapien
43%
Satyriac
43%
Terrestrial
43%
Tool Breeder
43%
Finger Fisher
29%
Hand Flapper
29%
Hedonist
29%
Panderavis pandora
29%
Sail People
29%
Swimmer
29%
Symbiote
29%
Host
14%
Martian-American
14%
Amphicephalus
0%
No matching quizzes found
Score Distribution
Percent of People with Each Score
Percentile by Number Answered
Your Score History
You have not taken this quiz